Name Dream SMP members - Statistics

General Stats
  • This quiz has been taken 121 times
  • The average score is 24 of 33
Answer Stats
MEMBERS % Correct
Dream
98%
GeorgeNotFound
93%
Sapnap
93%
TommyInnit
92%
Tubbo
89%
Ranboo
88%
WilburSoot
87%
Technoblade
83%
Punz
80%
Quackity
79%
BadBoyHalo
78%
Callahan
77%
Fundy
77%
jschlatt
77%
Purpled
77%
Ponk
76%
Skeppy
76%
Karl Jacobs
73%
CaptainPuffy
71%
Eret
71%
Nihachu
71%
awesamdude
65%
Ph1LzA
65%
Hannahxxrose
63%
Antfrost
62%
Jack Manifold
62%
LazarBeam
62%
Slimecicle
62%
ConnorEatsPants
60%
ItsAlyssa
60%
Foolish Gamers
49%
Vikkstar123
49%
HBomb94
42%
No matching quizzes found
Score Distribution
Percent of People with Each Score
Percentile by Number Answered
Your Score History
You have not taken this quiz